000 00901nas a2200301 4500
001 BR0003236
003 BR-BrBNA
005 20231205101921.0
007 ta
008 230509b bl.|||p| |||| 00| 00por d
040 _aBR-BrBNA
_bpor
_cBiblioteca Nacional de Agricultura
041 _a(Pt)
072 _aP33
100 1 _aSantana, L.M. de
100 1 _aSilva, A.F.
245 1 _aCaracteristicas de solos do litoral onde ocorre a guajuru (Chrysobalanus icaco L.)e teores de N, P, K e Na nos orgaos desta especie
650 _aGuajuru
650 _aNitrogenio
650 _aFosforo
650 _aPotassio
650 _aSodio
650 _aPropriedade Fisico-Quimica
650 _aSolo
650 _aLitoral
773 0 _tRevista Ceres (Brazil)
_xISSN 0034-737X
_g(Mar-Apr 2000), v. 47(270) p. 169-179
_wBR0003236
909 _a202311
_bLúcia
_c55
_dLúcia Elande
942 _2AGRIS
_n0
_cANA
999 _c164695
_d164695